|
|
|
|
| LEADER |
00848nam a2200229Ia 4500 |
| 001 |
CTU_177234 |
| 008 |
210402s9999 xx 000 0 und d |
| 020 |
|
|
|c 35000
|
| 082 |
|
|
|a 345.597
|
| 082 |
|
|
|b T307
|
| 100 |
|
|
|a Trần, Quang Tiệp
|
| 245 |
|
0 |
|a Về đảm bảo quyền, lợi ích hợp pháp của người bị tạm giữ, bị can, bị cáo trong tố tụng hình sự
|
| 245 |
|
0 |
|b (Sách chuyên khảo)
|
| 245 |
|
0 |
|c Trần Quang Tiệp
|
| 260 |
|
|
|a Hà nội
|
| 260 |
|
|
|b Chính trị Quốc gia
|
| 260 |
|
|
|c 2009
|
| 650 |
|
|
|a Criminal law,Human rights,Luật hình sự,Nhân quyền
|
| 650 |
|
|
|x Vietnamese criminal law
|
| 650 |
|
|
|z Việt Nam,Luật hình sự Việt Nam
|
| 910 |
|
|
|a Nguyên
|
| 980 |
|
|
|a Trung tâm Học liệu Trường Đại học Cần Thơ
|